Kariera trenerska Luisa Enrique - Statystyki

Ogólne statystyki
  • Ten quiz został rozwiązany 42 razy
  • Średni wynik to 3 z 5
Statystyki odpowiedzi
Lata Drużyna % Poprawnych
2014-2017 Barcelona
100%
2018-teraz Hiszpania
86%
2011-2012 Roma
43%
2008-2011 Barcelona B
33%
2013-2014 Celta Vigo
33%
Nie znaleziono quizów pasujących do podanych kryteriów
Rozkład punktacji
Procent ludzi z każdym wynikiem
Percentyl według liczby udzielonych odpowiedzi
Twoja historia wyników
Nie rozwiązałeś tego quizu